Aller au contenu

Маркетинговый аудит Учебник

Как организовать маркетинговый аудит в компании? В каких случаях можно проводить аудит собственными силами а в каких лучше привлекать сторонние компании специализирующиеся на маркетинговом аудите? Как провести его по всем правилам избегая часто встречающихся ошибок? Какие основные методы используютс...

Description complète

Enregistré dans:
Détails bibliographiques
Auteur principal: Тюрин Д. В.
Format: Учебник
Édition:2
Collection:Высшее образование: Бакалавриат
Accès en ligne:https://znanium.com/catalog/document?id=399936
https://znanium.com/cover/1843/1843634.jpg
Tags: Ajouter un tag
Pas de tags, Soyez le premier à ajouter un tag!
LEADER 03222nam0a2200349 i 4500
001 RU\infra-m\znanium\bibl\1843634
003 https://znanium.com/catalog/document?id=399936
005 20250422000000.0
010 |a 978-5-16-006440-6 
010 |a 978-5-16-100216-2  |b электр. издание 
100 |a 20250422d2022 m y0rusy0150 ca 
101 0 |a rus 
102 |a RU 
200 1 |a Маркетинговый аудит  |e Учебник  |f Финансовый университет при Правительстве Российской Федерации 
205 |a 2  |b доп 
210 1 |a Москва  |c ООО "Научно-издательский центр ИНФРА-М"  |d 2022 
215 |a 285 с. 
225 1 |a Высшее образование: Бакалавриат 
330 |a Как организовать маркетинговый аудит в компании? В каких случаях можно проводить аудит собственными силами а в каких лучше привлекать сторонние компании специализирующиеся на маркетинговом аудите? Как провести его по всем правилам избегая часто встречающихся ошибок? Какие основные методы используются при его проведении? На эти и многие другие вопросы содержатся обстоятельные ответы в данном учебнике который рекомендуется студентам аспирантам и слушателям системы повышения квалификации менеджерам и руководителям предприятий а также специалистам работающим в области маркетингового анализа и аудита. В основе книги лежит одноименный курс читаемый автором в ведущих вузах страны а также в рамках специализированных программ повышения профессиональной квалификации по маркетингу включая программы МВА. 
333 |a ВО - Бакалавриат 
606 |a Реклама. Маркетинг. PR  |x Основы маркетинга  |2 local 
608 |a Учебник  |2 local 
675 |a 339.1(075.8)  |z rus 
686 |a 65.290-2я73  |2 rubbk 
686 |a 38.03.01  |2 okso 
686 |a 38.03.02  |2 okso 
686 |a 44.03.01  |2 okso 
686 |a 44.03.05  |2 okso 
700 1 |a Тюрин  |b Д. В.  |g Дмитрий Валерьевич  |p Финансовый университет при Правительстве Российской Федерации 
801 0 |a RU  |b Общество с ограниченной ответственностью «ЗНАНИУМ»  |c 20210925  |2 rusmarc 
856 4 |a znanium.com  |m ebs_support@infra-m.ru  |n НИЦ ИНФРА-М  |u https://znanium.com/catalog/document?id=399936 
856 4 1 |a znanium.com  |d /cover/1843  |f 1843634.jpg  |q image/jpeg  |u https://znanium.com/cover/1843/1843634.jpg